| 000 | 01949cam a22004337i 4500 | ||
|---|---|---|---|
| 001 | 18188841 | ||
| 003 | NUST | ||
| 005 | 20211111101436.0 | ||
| 008 | 140616t20142014ne a b 001 0 eng d | ||
| 010 | _a 2014397914 | ||
| 015 |
_aGBB358817 _2bnb |
||
| 016 | 7 |
_a016448209 _2Uk |
|
| 020 | _a9789251071914 | ||
| 035 | _a(OCoLC)ocn852806044 | ||
| 038 | _akhadija | ||
| 040 |
_aUKMGB _beng _cUKMGB _erda _dOCLCO _dYDXCP _dXII _dIXA _dQCL _dCUD _dDLC |
||
| 042 | _alccopycat | ||
| 050 | 0 | 0 |
_aTL1050 _b.C87 2014 |
| 082 | 0 | 4 |
_a629.4113 _223 _bCUR |
| 100 | 1 |
_aCurtis, Howard D., _eauthor. _919173 |
|
| 245 | 1 | 0 |
_aOrbital Mechanics for Engineering Students / _cHoward D. Curtis, Professor of Aerospace Engineering, Embry-Riddle Aeronautical University, Daytona Beach, Florida. |
| 250 | _a3rd ed. | ||
| 264 | 1 |
_aAmsterdam ; _aBoston : _bElsevier, BH, Butterworth-Heinemann is an imprint of Elsevier, _c[2017] |
|
| 264 | 4 | _c©2017 | |
| 300 |
_axiii, 751 pages : _billustrations ; _c25 cm. |
||
| 336 |
_atext _btxt _2rdacontent |
||
| 337 |
_aunmediated _bn _2rdamedia |
||
| 338 |
_avolume _bnc _2rdacarrier |
||
| 490 | 1 | _aElsevier aerospace engineering series | |
| 500 | _aPrevious edition: 2010. | ||
| 504 | _aIncludes bibliographical references (pages 739-740) and index. | ||
| 505 | 0 | _aDynamics of point masses -- The two-body problem -- Orbital position as a function of time -- Orbits in three dimensions -- Preliminary orbit determination -- Orbital maneuvers -- Relative motion and rendezvous -- Interplanetary trajectories -- Rigid body dynamics -- Satellite attitude dynamics -- Rocket vehicle dynamics -- Introduction to orbital perturbations. | |
| 563 | _aPB | ||
| 650 | 0 |
_aOrbital mechanics. _919174 |
|
| 830 | 0 |
_aElsevier aerospace engineering series. _92466 |
|
| 906 |
_a7 _bcbc _ccopycat _d2 _encip _f20 _gy-gencatlg |
||
| 942 |
_2ddc _cBK |
||
| 999 |
_c527757 _d527757 |
||